Religion Quiz

Random Religion or Artist Quiz
Score 0/20 Timer 06:00
0 Plays Today
% Correct
Eve
Tintoretto
81.1%
Madonna
Sassoferrato
79.4%
Jesus Christ
Heinrich Hoffman
79%
Jonah
Pieter Lastman
78%
Noah
Zac Kinkaid
77.1%
Adam
Michelangelo
73.8%
David and Goliath
Caravaggio
73.6%
Moses
Rembrandt
69.8%
Abraham and Isaac
Juan de Valdes Leal
67.4%
Daniel
Peter Paul Rubens
66%
% Correct
Mary Magdalene
Alexander Ivanov
62.9%
Solomon
Nicolas Poussin
61.6%
St. Thomas
Caravaggio
57.7%
St. Paul
Claude Vignon
56.1%
Samson and Delilah
Anthony van Dyck
52.6%
John the Baptist
Caravaggio
51.7%
St. Peter
Masaccio
51.4%
Judas
John Charles Dolman
48.5%
Lot with daughters
John Martin
44%
Job
Ilya Repin
43.1%
Remove Ads.
Support Sporcle.
Get the best of Sporcle when you Go Orange. This ad-free experience offers more features, more stats, and more fun while also helping to support Sporcle. Thank you for becoming a member.

You're not logged in!

Compare scores with friends on all Sporcle quizzes.
OR
Log In

Sporcle TV

Today on Sporcle TV


Watch our educational content, quiz creation guides, and fun videos on Sporcle TV.

Show Comments

Extras

Top Quizzes Today


Score Distribution

Paid Content

Your Account Isn't Verified!

In order to create a playlist on Sporcle, you need to verify the email address you used during registration. Go to your Sporcle Settings to finish the process.

Report this User

Report this user for behavior that violates our Community Guidelines.

Details: